000 00802nam a2200205Ii 4500
003 JO-AjNU
008 230605s9999||||xx |||||||||||||| ||und||
040 _aJO-AjNU
_bara
_erda
_cJO-AjNU
041 _aara
050 1 4 _aPN6519 2009
100 3 _aإعداد عيد، أمجد,
_eauthor
_933530
245 0 0 _aمعجم الحكم والأمثال والأقوال الخالدة: آيات قرآنية - أحاديث نبوية - شعر ونثر - أشعار الحكم والأمثال والأقوال
250 _aط3
264 3 1 _aعمان: الأهلية للنشر والتوزيع، 2009
300 _a279ص
336 _atext
_btxt
_2rdacontent
337 _aunmediated
_bn
_2rdamedia
338 _avolume
_bnc
_2rdacarrier
650 4 _aمعاجم - حكم - أمثال - أقوال
_933531
999 _aA13658
_c17226
_d17226